| 000 | 02553nam a2200421 a 4500 | ||
|---|---|---|---|
| 001 | ebr10554885 | ||
| 003 | CaPaEBR | ||
| 006 | m u | ||
| 007 | cr cn||||||||| | ||
| 008 | 110328s2011 vaua sb 001 0beng d | ||
| 010 | _z 2011008110 | ||
| 020 | _z9780813931678 (cloth alk. paper) | ||
| 020 | _z0813931673 (cloth alk. paper) | ||
| 020 | _z0813932084 (ebook) | ||
| 020 | _z9780813932088 (e-book) | ||
| 040 |
_aCaPaEBR _cCaPaEBR |
||
| 035 | _a(OCoLC)785940939 | ||
| 050 | 1 | 4 |
_aQL793 _b.A38 2011eb |
| 082 | 0 | 4 |
_a590 _222 |
| 245 | 0 | 4 |
_aThe afterlives of animals _h[electronic resource] : _ba museum menagerie / _cedited by Samuel J.M.M. Alberti. |
| 260 |
_aCharlottesville : _bUniversity of Virginia Press, _c2011. |
||
| 300 |
_avi, 247 p. : _bill. |
||
| 504 | _aIncludes bibliographical references and index. | ||
| 505 | 0 | _aIntroduction : the dead ark / Samuel J.M.M. Alberti -- "The Queen's ass" : the cultural life of Queen Charlotte's zebra in Georgian Britain / Christopher Plumb -- Maharajah the elephant's journey : from nature to culture / Samuel J.M.M. Alberti -- Sir Roger the elephant / Richard Sutcliffe, Mike Rutherford, and Jeanne Robinson -- "Under my skin" : the biography of a Manchester mandrill / Sophie Everest -- Balto the dog / Rachel Poliquin -- The biogeographies of a hollow-eyed harrier / Merle Patchett, Kate Foster, and Hayden Lorimer -- Biological objects and "mascotism" : the life and times of Alfred the gorilla / Hannah Paddon -- Neurath's whale / Michelle Henning -- The afterlife of Chi-Chi / Henry Nicholls -- The Thames whale : the difficult birth of a celebrity specimen / Richard C. Sabin -- Enlivened through memory : hunters and hunting trophies / Garry Marvin -- An afterword on afterlife / Geoffrey N. Swinney. | |
| 533 |
_aElectronic reproduction. _bPalo Alto, Calif. : _cebrary, _d2011. _nAvailable via World Wide Web. _nAccess may be limited to ebrary affiliated libraries. |
||
| 650 | 0 |
_aFamous animals _vBiography. |
|
| 650 | 0 |
_aFamous animals _xCollection and preservation. |
|
| 650 | 0 |
_aNatural history museums _vExhibitions. |
|
| 650 | 0 |
_aZoological specimens _xCollection and preservation. |
|
| 650 | 0 |
_aAnimals _vBiography. |
|
| 650 | 0 |
_aTaxidermy _vAnecdotes. |
|
| 650 | 0 | _aMenageries. | |
| 650 | 0 | _aAnimals and civilization. | |
| 655 | 7 |
_aElectronic books. _2local |
|
| 700 | 1 | _aAlberti, Samuel J. M. M. | |
| 710 | 2 | _aebrary, Inc. | |
| 856 | 4 | 0 |
_uhttp://site.ebrary.com/lib/rucke/Doc?id=10554885 _zAn electronic book accessible through the World Wide Web; click to view |
| 999 |
_c91851 _d91851 |
||